القاهرة في باريس : (Record no. 63744)
[ view plain ]
| 000 -الفاتح | |
|---|---|
| حقل البيانات ثابتة الطول | 00789nam a22002057a 4500 |
| 005 - وقت وتاريخ اخر تعامل مع التسجيلة | |
| رقم الضبط | 20240530110656.0 |
| 008 - عناصر البيانات ثابتة الطول - معلومات عامة | |
| حقل البيانات ثابتة الطول | 171221s1994 ua fk e 000 0 ara d |
| 040 ## - مصدر الفهرسة | |
| وكالة الفهرسة الأصلية | EG-CaGPL |
| 082 04 - رقم تصنيف ديوى العشرى | |
| رقم الطبعة | 21 |
| رقم التصنيف | 708.962/ |
| رقم المادة | ح ق |
| 100 0# - المدخل الرئيسى - إسم شخصى | |
| الإسم الشخصى | حسن عثمان |
| 245 12 - بيان العنوان | |
| العنوان | القاهرة في باريس : |
| بقية العنوان | اعمال منسية من القرن التاسع عشر / |
| بيان المسئوليه,etc | حسن عثمان . |
| 260 ## - PUBLICATION, DISTRIBUTION, ETC. (IMPRINT) | |
| تاريخ النشر أو التوزيع | 1994 . |
| 300 ## - الوصف المادى | |
| التعداد | 213 ص : |
| تفاصيل ماديه اخرى للوعاء | ايض ؛ |
| أبعاد الوعاء | 30 سم |
| 650 07 - المدخل الاضافى بالموضوع-مصطلح موضوعى | |
| مصدر الرأس أو المصطلح | qrmak |
| مصطلح موضوعي | الفنون التشكيلية |
| 650 07 - المدخل الاضافى بالموضوع-مصطلح موضوعى | |
| مصدر الرأس أو المصطلح | qrmak |
| مصطلح موضوعي | ترميم الاثار |
| 653 04 - مصطلح تكشيفى غير مقيد | |
| مصطلح غير مقيد | متحف محد محمود خليل |
| 653 04 - مصطلح تكشيفى غير مقيد | |
| مصطلح غير مقيد | متحف قصر المنيل |
| 942 ## - عناصر المدخل الإضافي( كوها) | |
| مصدر التصنيف او مخطط الترفيف | Dewey Decimal Classification |
| Koha [default] item type | كتاب |
| 260 ## - PUBLICATION, DISTRIBUTION, ETC. (IMPRINT) | |
| -- | القاهرة : |
| -- | الهيئة المصرية العامة للكتاب ، |
| حالة التراجع | حالة الفقد | حالة تلف | ليس للاعارة | المكان المؤقت | الموقع الحالى | تاريخ الاكتساب | اجمالي اﻻعارات | رقم الطلب | الباركود | تاريخ اخر مشاهدة | تاريخ تفعيل السعر | نوع وعاء كوها |
|---|---|---|---|---|---|---|---|---|---|---|---|---|
| مكتبة الحضارة الاسلامية | مكتبة الحضارة الاسلامية | 12/21/2017 | 708.962/ ح ق | 163854 | 12/21/2017 | 12/21/2017 | كتاب |

